00743 a2200193 450000500170000000800410001702000180005804000680007604100080014410000210015224500770017326000650025030000180031549000580033350400410039165000480043265000480048065000210052820140903174850.0130821s2011 xx gr eng  a9789004179103 aCO-BoUCMbspacJose A. Gerena (modificó)dAldemar Mondragón00aeng1 aThürer, Daniel10aInternational humanitarian lawcDaniel Thurerbtheory, practice, context aMaubeuge (Francia)bHague Academy of International Lawc2011 a500 páginas0 aPocketbooks of the hague academy of international law aIncluye referencias bibliográficas 7aDerecho internacional humanitarioxHistoria 7aDerecho internacional humanitarioxTeoría 7aDerechos civiles